| 000 | 00376cam a2200157ua 4500 | ||
|---|---|---|---|
| 001 | 7698 | ||
| 008 | 121001n1995 II |||gr||||Z||||||eng | ||
| 040 | _aMAIN | ||
| 041 | _aEnglish | ||
| 082 | _a080 ANS | ||
| 100 | _aANSARI, M. S. | ||
| 245 | _aASSAM SERVICE DISCIPLE AND APPEAL RULES, 1964 | ||
| 260 |
_aKOLKATA _bORIENT BOOK CO. _c1995 |
||
| 300 |
_a312: _c22CM. |
||
| 942 | _cBK | ||
| 999 |
_c7683 _d7683 |
||